Heat shock proteins and cytoprotection : ATP-deprived mammalian cells /

Saved in:
நூற்பட்டியல் விவரங்கள்
தலைமை எழுத்தாளர்: Kabakov, Alexander E., 1960-
மற்ற எழுத்தாளர்கள்: Gabai, Vladimir L., 1959-
வடிவம்: புத்தகம்
மொழி:English
வெளியீடப்பட்டது: Austin : New York : R.G. Landes ; North American distributor, Chapman & Hall, c1997.
தொகுதி:Molecular biology intelligence unit (Unnumbered)
பகுதிகள்:
குறியீடுகள்: குறிச்சொல் இணை
குறியீடுகள் இல்லை, இந்த குறிச்சொல்லை முதலில் பதிவு செய்யுங்கள்!
LEADER 02306nam a2200421 a 4500
001 007766623-2
005 20020606104010.5
008 980312s1997 txu 000 0 eng d
010 |a  96039322  
016 7 |a 9716046  |2 DNLM 
020 |a 0412132311 
020 |a 0570594139 (CIP data) 
035 0 |a ocm35762665 
035 0 |a ocm38601873 
040 |a NLM  |c NLM  |d HMS 
050 0 0 |a QP552.H43  |b K33 1997 
060 0 0 |a 1997 J-929 
060 1 0 |a QU 55  |b K12h 1997 
100 1 |a Kabakov, Alexander E.,  |d 1960- 
245 1 0 |a Heat shock proteins and cytoprotection :  |b ATP-deprived mammalian cells /  |c Alexander E. Kabakov, Vladimir L. Gabai. 
260 |a Austin :  |b R.G. Landes ;  |a New York :  |b North American distributor, Chapman & Hall,  |c c1997. 
300 |a 237 p. :  |b ill. 
490 1 |a Molecular biology intelligence unit 
504 |a Includes bibliographical references and index. 
505 0 0 |g 1.  |t Heat Shock Proteins and the Regulation of Heat Shock Gene Expression in Eukaryotes --  |g 2.  |t ATP Homeostasis, Ionic Balance and Cell Viability --  |g 3.  |t "Proteotoxicity" of ATP Depletion: Disruption of the Cytoskeleton, Protein Aggregation and Involvement of Molecular Chaperones --  |g 4.  |t ATP Depletion as Inducer of Heat Shock Protein Expression --  |g 5.  |t Heat Shock Proteins and Cardioresistance to Ischemia --  |g 6.  |t Involvement of Heat Shock Proteins in Protection of Various Normal and Tumor Cells from Ischemic Insult --  |g 7.  |t What Are the Mechanisms of Heat Shock Protein-Mediated Cytoprotection Under ATP Deprivation? --  |g 8.  |t Mechanisms of Heat Shock Protein-Mediated Protection from Ischemia-Induced Apoptosis --  |g 9.  |t Conclusions and Perspectives. 
650 1 2 |a Heat-Shock Proteins  |x physiology. 
650 2 2 |a Adenosine Triphosphate  |x deficiency. 
650 2 2 |a Molecular Chaperones. 
650 2 2 |a Energy Metabolism. 
650 0 |a Heat shock proteins  |x Physiological effect. 
650 0 |a Adenosine triphosphate. 
650 0 |a Molecular chaperones. 
650 0 |a Energy metabolism. 
700 1 |a Gabai, Vladimir L.,  |d 1959- 
776 0 8 |i Online version:  |a Kabakov, Alexander E., 1960-  |t Heat shock proteins and cytoprotection.  |d New York : Springer ; Austin : R.G. Landes, ©1997  |w (OCoLC)645929352 
830 0 |a Molecular biology intelligence unit (Unnumbered) 
988 |a 20020608 
906 |0 OCLC